| 000 | 00781cab a2200265 4500 | ||
|---|---|---|---|
| 001 | ABS59409 | ||
| 008 | 090401t1998 xxu||||| |||| 00| 0 eng d | ||
| 035 | _a(Sirsi) u89008 | ||
| 041 | _aeng | ||
| 245 | _aFire | ||
| 260 | _c1998 | ||
| 350 | _a0 | ||
| 490 |
_aBuilding Engineer _v73(7) September 1998, 18-20(3) |
||
| 520 | _aUseful checklist for managing fire hazards on construction sites. | ||
| 650 | _aCONSTRUCTION (DESIGN AND MANAGEMENT) REGULATIONS 1994 | ||
| 650 | _aCONSTRUCTION SITES | ||
| 650 | _aFIRE HAZARDS | ||
| 650 | _aFIRE PROTECTION | ||
| 650 | _aMANAGEMENT-HEALTH AND SAFETY-FIRE SAFETY | ||
| 650 |
_aHEALTH AND SAFETY _96244 |
||
| 650 | _aRISK MANAGEMENT | ||
| 690 | _aBUILT ENVIRONMENT-BUILDING STANDARDS | ||
| 942 | _n0 | ||
| 948 | _c15/10/1998 | ||
| 999 |
_c56290 _d56290 |
||